000 00750nam a22001817a 4500
999 _c19490
_d19490
003 AR-CdUCM
008 190517b ||||| |||| 00| 0 spa d
040 _aMUNICIPALIDAD PROVINCIAL DEL CUSCO
_cBIBLIOTECA MUNICIPAL DEL CUSCO
082 _a332.4 /
_bF39
100 _aFerrari, Alberto
_940851
245 _aLa política monetaria en su perspectiva histórica /
260 _aMexico :
_bCEML,
_c1961.
300 _a179 páginas ;
_c22 cm.
505 _aLa política monetaria del patrón oro internacional -- La política monetaria del patrón de la vuelta al patrón oro -- El abandono del patrón oro -- Acontecimientos monetarios posteriores a la ultima guerra...
650 _aPolítica monetaria.
_99748
942 _2ddc
_cLIBROS
945 _awfj